Habitar
保存先:
| 第一著者: | |
|---|---|
| フォーマット: | 図書 |
| 言語: | スペイン語 |
| 出版事項: |
Barcelona
Editorial Gustavo Gili
2017
|
| 版: | 1a. ed |
| 主題: | |
| タグ: |
タグ追加
タグなし, このレコードへの初めてのタグを付けませんか!
|
MARC
| LEADER | 00000cam a2200000 a 4500 | ||
|---|---|---|---|
| 001 | UCC2408 | ||
| 003 | CL-VaPUC | ||
| 008 | 180119e20170000sp |||||||||||||||||spa|d | ||
| 020 | |a 9788425229237 | ||
| 082 | 0 | 4 | |a 720.1 |b PAL |2 21 |
| 100 | |a Pallasmaa, Juhani |e autor |9 570535 | ||
| 245 | 1 | 0 | |a Habitar |
| 250 | |a 1a. ed | ||
| 300 | |a 127 p | ||
| 942 | |c BK | ||
| 945 | |d 20180119 15:30:00 |a arojas | ||
| 260 | |a Barcelona |b Editorial Gustavo Gili |c 2017 | ||
| 650 | 0 | |a Arquitectura |9 804558 | |
| 650 | 0 | |a Filosofía de la arquitectura |9 267382 | |
| 650 | 0 | |a Estética |9 264950 | |
| 583 | |a last modification |c 20180119 15:30:00 |k Rodrigo Vera | ||
| 999 | |c 370556 |d 370554 | ||
| 952 | |0 0 |1 0 |3 erb |4 0 |6 720_100000000000000_PAL_2017 |7 0 |8 A |9 487088 |a BIBARQ |b BIBARQ |i 5451078 |l 5 |m 1 |o 720.1 PAL 2017 |p 5451078 |r 2025-04-24 |s 2025-04-15 |w 2019-11-24 |y BK |z Catalogado en:20180119 |k ARQ | ||